Municipalities of Shizuoka - Click Map - Statistics

General Stats
  • This quiz has been taken 8 times
  • The average score is 30 of 35
Answers on the Map
Answers color-coded by a green-red scale on the quiz's map according to % correct below.
 
Answer Stats
Answer % Correct
Fuji 富士市 ふじし
100%
Fujinomiya 富士宮市 ふじのみやし
100%
Gotenba 御殿場市 ごてんばし
100%
Hamamatsu 浜松市 はままつし
100%
Izu 伊豆市 いずし
100%
Kakegawa 掛川市 かけがわし
100%
Kawanehon 川根本町 かわねほんちょう
100%
Kikugawa 菊川市 きくがわし
100%
Kosai 湖西市 こさいし
100%
Minamiizu 南伊豆町 みなみいずちょう
100%
Numazu 沼津市 ぬまづし
100%
Shimoda 下田市 しもだし
100%
Shizuoka 静岡市 しずおかし
100%
Yaizu 焼津市 やいづし
100%
Atami 熱海市 あたみし
83%
Fujieda 藤枝市 ふじえだし
83%
Ito 伊東市 いとうし
83%
Iwata 磐田市 いわたし
83%
Izunokuni 伊豆の国市 いずのくにし
83%
Mishima 三島市 みしまし
83%
Mori 森町 もりまち
83%
Nishiizu 西伊豆町 にしいずちょう
83%
Omaezaki 御前崎市 おまえざきし
83%
Oyama 小山町 おやまちょう
83%
Shimada 島田市 しまだし
83%
Shimizu 清水町 しみずちょう
83%
Yoshida 吉田町 よしだちょう
83%
Fukuroi 袋井市 ふくろいし
67%
Higashiizu 東伊豆町 ひがしいずちょう
67%
Kannami 函南町 かんなみちょう
67%
Kawazu 河津町 かわづちょう
67%
Matsuzaki 松崎町 まつざきちょう
67%
Nagaizumi 長泉町 ながいずみちょう
67%
Susono 裾野市 すそのし
67%
Makinohara 牧之原市 まきのはらし
50%
No matching quizzes found
Score Distribution
Percent of People with Each Score
Percentile by Number Answered
Your Score History
You have not taken this quiz